British Slang Quiz - Statistics

General Stats
  • This quiz has been taken 831 times
  • The average score is 9 of 20
Answer Stats
Hint Answer % Correct
Bloke Man
95%
Knackered Tired
72%
Quid Pound
70%
Fag Cigarette
67%
Snog Kiss / Make Out
67%
Budge Up Move (Over)
63%
Pissed Drunk
60%
Bog Roll Toilet Roll
54%
Kip Sleep
48%
Minted Rich
47%
Dosh Money
44%
Chuffed Pleased / Delighted
44%
Gutted Disappointed
37%
Dodgy Sketchy / Suspicious
36%
Skint Broke
35%
Ledge (Come on it’s in my username) Legend
31%
Chin Wag Conversation
30%
Codswallop Nonsense
20%
Offy Liquor Store
4%
Tosser Stupid (Person)
2%
No matching quizzes found
Score Distribution
Percent of People with Each Score
Percentile by Number Answered
Your Score History
You have not taken this quiz